000 00677nam a2200241 a 4500
003 AR-BaBNM
005 20251128203409.0
008 082120s2002 ||||||||||||||000 | spa||
040 _cAR-BaBNM
100 1 _aDíaz, Benito
245 0 0 _aMariano Fragueiro y la Constitución de 1853
260 _aBuenos Aires
_bEl Coloquio
_c1973
300 _a170 p.
_btablas, mapas
490 0 _aEnsayos
_vv. 1
600 1 4 _aFragueiro, Mariano
650 4 _aHISTORIA INSTITUCIONAL
650 4 _aHISTORIA DEL DERECHO ARGENTINO
650 4 _aHISTORIA CONSTITUCIONAL
650 4 _aCONGRESO CONSTITUYENTE DE 1853
650 4 _aFEDERALISMO ARGENTINO
942 _cBK
998 _cmariana
999 _c3195
_d3195